000 00573nam a22002177a 4500
003 UA-OsUOA
001 78414
007 ta
008 20111011b un ||||| |||| 00| 0 ukr d
100 _aОрішко О.
090 _a330(477)
_bО-65
942 _cSA
040 _aUA-OsUOA
_bfre
_cUA-OsUOA
_dUA-OsUOA
245 _aБез права на прибуток
300 _aС.22-26
955 _a0
041 _afre
080 _a330(477)
773 0 _w78411
_tФінансовий контроль
_dК.
_d2011
_g7
650 7 _a330 Економіка взагалі
_2UDC
999 _c364726
_d364726